000 01764nas a22002174i 4500
999 _c64840
_d64840
001 768714001
003 CO-MdFUSB
005 20190225130047.0
008 190225s1995 sp ||||| |||| 00| 0 spa d
022 _a0210-1041
040 _aCO-MdFUSB
_bspa
_cCO-MdFUSB
_dCO-MdFUSB
041 _aspa
100 _aEicher, Peter
_eautor
245 0 3 _aLa relación con Dios y la conducta social
_c/ Peter Eicher
300 _aNúmero 258 (1995), páginas 285-301
_c: 21 cm
520 _aLa sociedad moderna ha privatizado la relación con Dios y ha desterrado sus impulsos al ámbito del inconsciente. Pero con ello ha descubierto a la vez que la psique no se diluye en su normalización social y que, durante su propio crecimiento, hace referencia siempre a un ideal propio que no puede realizarse socialmente. Y, así, surgió la paradoja de que el psicoanálisis y la psicología profunda sacaran a la luz el significado psíquico universal del simbolismo de Dios en el momento mismo en que la sociología creía que se había consumado la privatización de la religión. Las funciones de la religión, no coinciden con su significado psíquico, que en la sociedad moderna fue reprimido hasta su destierro al inconsciente. Y, por eso, una teología ilustrada con ayuda del psicoanálisis y de la psicología profunda tiene que indagar incluso acerca del significado social de aquel dinamismo psíquico inconsciente en el cual se vivencian constantemente de nuevo los símbolos arcaicos de la relación con Dios
650 7 _972
_aPsicología social
650 0 _91028
_aPsicología de la religión
773 0 _049450
_960422
_oR0850
_tRevista internacional de teología Concilium
_w(CO-MdFUSB)8
_x0210-1041
_gNúmero 258 (1995), páginas 285-301
_qPágina 285
942 _cANA